Statistics for What's in a name?

Click here to take the quiz!

General Stats

  • This quiz has been taken 21 times
  • The average score is 5 of 10

Answer Stats

HintAnswer% Correct
Farrokh BulsaraFreddie Mercury
83%
Norma Jeane MortensonMarilyn Monroe
83%
Reginald Kenneth DwightElton John
67%
Vladimir Ilyich UlyanovLenin
67%
Robert Allen ZimmermanBob Dylan
56%
David Robert JonesDavid Bowie
50%
Robyn FentyRihanna
44%
Caryn JohnsonWhoopi Goldberg
33%
Mark SinclairVin Diesel
22%
Margaret HyraMeg Ryan
17%

Score Distribution

Percentile by Number Answered

Percent of People with Each Score

Your Score History

You have not taken this quiz